|
|
|
|
| LEADER |
00737cam a2200193 7i4500 |
| 001 |
0000004407 |
| 005 |
20170503090000.0 |
| 020 |
|
|
|a 0471414832 (pbk.)
|
| 090 |
0 |
0 |
|a LB3013
|b .B83 2003
|
| 100 |
1 |
|
|a Burden, Paul R
|
| 245 |
1 |
0 |
|a Classroom management :
|b creating a successful learning community
|c Paul R. Burden.
|
| 260 |
|
|
|a New York:
|b John Wiley & Sons,
|c 2003.
|
| 300 |
|
|
|a xiii, 250 p.;
|c 2 4cm.
|
| 490 |
0 |
|
|a Wiley/Jossey-Bass education
|
| 504 |
|
|
|a Includes bibliographical references and index
|
| 650 |
0 |
0 |
|a School discipline --
|z United States
|
| 650 |
0 |
0 |
|a Classroom management --
|z United States
|
| 997 |
|
|
|a Education & Social Sciences, Faculty
|b Education, Department
|
| 999 |
|
|
|a 0000017820
|b BOK
|c OPEN SHELF
|e 1st Floor, Bestari Jaya
|